Afrikan siirtomaat kartalla - Statistics

Yleistilastot
  • Tätä visaa on pelattu 47 kertaa
  • Keskiarvotulos 25 / 51
Vastaukset kartalla
Vastauksille on annettu kartalla punavihreä väri sen mukaan, kuinka moni on saanut sen oikein.
 
Vastaustilastot
Colony % Oikein
Libya
98%
Algeria
95%
Egypti
95%
Espanjan {Marokko}
95%
Ranskan {Marokko}
95%
Tunisia
95%
Belgian {Kongo}
90%
Sudan
88%
Brittiläinen {Itä} {Afrikka}
85%
Angola
83%
Etelä-Afrikka
83%
Madagaskar
76%
Eritrea
73%
Uganda
73%
Nigeria
68%
Kap Verde
61%
Mosambik
61%
Norsunluurannikko
61%
Kamerun
59%
Portugalin {Guinea}
59%
Togomaa
59%
Ruanda-Urundi
56%
Brittiläinen {Somalimaa}
54%
Italian {Somalimaa}
54%
Ranskan {Somalimaa}
54%
Swazimaa
54%
Brittiläinen {Mauritius}
51%
Komorit
51%
Seychellit
51%
Gambia
49%
Sao Tome
49%
Ranskan {Keski} {Afrikka}
44%
Kanariansaaret
41%
Sierra Leone
39%
Kultarannikko
27%
Ranskan {Länsi} {Afrikka}
27%
Saksan {Itä} {Afrikka}
22%
Madeira
20%
Reunion
15%
Etelä-Rhodesia
10%
Pohjois-Rhodesia
10%
Njassamaa
7%
Saksan {Lounais} {Afrikka}
7%
Sansibar
7%
{Betšuana}maa
5%
{Basuto}maa
2%
Cabinda
2%
Rio de Oro
2%
Rio Muni
2%
Walvis Bay
2%
Fernando Poo
0%
Ehtoja vastaavia visoja ei löytynyt
Tulosjakauma
Jokaisen tuloksen saaneiden osuus
Persentiili vastausten määrän mukaan
Tuloshistoriasi
Et ole pelannut tätä visaa